| 000 -LEADER |
| fixed length control field |
00487cam a22001337a 4500 |
| 008 - FIXED-LENGTH DATA ELEMENTS--GENERAL INFORMATION |
| fixed length control field |
180718b1966 xxu||||| |||| 00| 0 eng d |
| 082 ## - DEWEY DECIMAL CLASSIFICATION NUMBER |
| Classification number |
A6x5415 R264/2 |
| 100 ## - MAIN ENTRY--PERSONAL NAME |
| Personal name |
Regmi, D. R. |
| 245 ## - TITLE STATEMENT |
| Title |
Medieval Nepal: a history of the three Kingdoms 1520 A.D. to 1768 A.D. |
| Statement of responsibility, etc. |
by D. R. Regmi |
| 260 ## - PUBLICATION, DISTRIBUTION, ETC. |
| Place of publication, distribution, etc. |
Calcutta |
| Name of publisher, distributor, etc. |
Firma k. L. Mukhopadhyay |
| Date of publication, distribution, etc. |
1966 |
| 300 ## - PHYSICAL DESCRIPTION |
| Extent |
xi,1076p. |
| 500 ## - GENERAL NOTE |
| General note |
Part II -a history of the three Kingdoms 1520 A.D. to 1768 A.D. |
| 650 ## - SUBJECT ADDED ENTRY--TOPICAL TERM |
| Topical term or geographic name entry element |
Nepal --History. [from old catalog] |